Statistics for General NFL Quiz

Click here to take the quiz!

General Stats

  • This quiz has been taken 541 times
  • The average score is 7 of 19

Answer Stats

QuestionAnswer% Correct
What team has won the most Super Bowls?Pittsburgh Steelers
98%
What quarterback has the record for most career passing yards with 71,940?Peyton Manning
58%
What wide receiver has the record for most receiving touchdowns in one season with 23?Randy moss
53%
What quarterback has the record for most career interceptions thrown with 336?Brett Favre
50%
What tight end has the record for most receiving touchdowns in one season in the tight end position with 17?Rob Gronkowski
49%
What three teams are tied with the second most Super Bowl wins?Dallas Cowboys
47%
What running back has the record for most career rushing yards at 18, 355?Emmitt Smith
45%
What return specialist has the record for most career kick and punt return touchdowns with 19?Devin Hester
44%
What three teams are tied with the second most Super Bowl wins?San Francisco 49ers
43%
Who is the Commissioner of the NFL?Roger Goodell
42%
What defensive end has the record for most sacks in a single season with 22.5?Michael Strahan
40%
What safety has the record for most career interceptions return yards with 1,950?Ed Reed
33%
What defensive end has the record for most career sacks with 200?Bruce Smith
31%
What cornerback has the record for most interceptions in a single season with 14?Dick "Night Train" Lane
26%
What three teams are tied with the second most Super Bowl wins, starting with the most winner?New England Patriots
24%
What team has the most consecutive winning seasons with 20?Dallas Cowboys
23%
What safety has the record for most career interceptions with 81?Paul Krause
18%
What cornerback/safety has the record for most career interceptions returned for a touchdown with 12?Rod Woodson
15%
What kicker has the record for most career games played at 382?Morten Andersen
9%

Score Distribution

Percentile by Number Answered

Percent of People with Each Score

Your Score History

You have not taken this quiz